000
00196 a2200097 4500
020
_a
9780545648981
041
_a
spa
100
_a
PJ Bracegirdle
245
_a
La difunta familia da̕z
942
_c
BK
999
_c
29202
_d
29200